| 000 | 00341nam a22001217a 4500 | ||
|---|---|---|---|
| 082 |
_a721.2 _bFIT _cL-14, P-61 |
||
| 100 |
_aFitzmaurice, R. _945776 |
||
| 245 |
_aPrinciples of Modern Building _cFitzmaurice, R. |
||
| 260 |
_aLondon _bCrown _cc1949 |
||
| 300 |
_ap 420 _bill _c22cm |
||
| 526 |
_a0 _b0 _c0 _d721_200000000000000_FIT |
||
| 942 |
_2ddc _cBK |
||
| 999 |
_c549230 _d549230 |
||